Democracy and governance networks: compatible or not? (Record no. 75856)

000 -LEADER
fixed length control field 01394pab a2200181 454500
008 - FIXED-LENGTH DATA ELEMENTS--GENERAL INFORMATION
fixed length control field 180718b2007 xxu||||| |||| 00| 0 eng d
100 ## - MAIN ENTRY--PERSONAL NAME
Personal name Klijn, Erik-Hans
245 ## - TITLE STATEMENT
Title Democracy and governance networks: compatible or not?
260 ## - PUBLICATION, DISTRIBUTION, ETC.
Date of publication, distribution, etc. 2007
300 ## - PHYSICAL DESCRIPTION
Extent p.587-608.
520 ## - SUMMARY, ETC.
Summary, etc. This paper investigates the relationship between representative democracy and governance networks at a theoretical level. It does so by offering four conjectures and their implications for theory and practice. The incompatibility conjectures rests on the primacy of politics and sees governance networks as a means of enabling greater participation in the policy process and sensitivity in programme implementation. The transitional conjecture posits a wider evolution of governance forms towards network relationships. The instrumental conjecture views governance networks as a powerful means through which dominant interests can achieve their goals. Illustrative implications for theory and practice are identified, inrelation to power in the policy process, the public interest, and the role of public managers. the heuristic potential of the conjectures is demonstrated through the identification of an outline research agenda. - Reproduced.
650 ## - SUBJECT ADDED ENTRY--TOPICAL TERM
Topical term or geographic name entry element Democracy
650 ## - SUBJECT ADDED ENTRY--TOPICAL TERM
Topical term or geographic name entry element Public administration
700 ## - ADDED ENTRY--PERSONAL NAME
Personal name Skelcher, Chris
773 ## - HOST ITEM ENTRY
Main entry heading Public Administration
908 ## - PUT COMMAND PARAMETER (RLIN)
Put command parameter N
909 ## -
-- 75856
Holdings
Withdrawn status Lost status Damaged status Not for loan Permanent Location Current Location Date acquired Serial Enumeration / chronology Barcode Date last seen Price effective from Koha item type
        Indian Institute of Public Administration Indian Institute of Public Administration 2018-07-19 Volume no: 85, Issue no: 3 AR76316 2018-07-19 2018-07-19 Articles

Powered by Koha